<?xml version="1.0" encoding="UTF-8"?>
<record
    xmlns:xsi="http://www.w3.org/2001/XMLSchema-instance"
    xsi:schemaLocation="http://www.loc.gov/MARC21/slim http://www.loc.gov/standards/marcxml/schema/MARC21slim.xsd"
    xmlns="http://www.loc.gov/MARC21/slim">

  <leader>02478nam0a2200397   4500</leader>
  <controlfield tag="001">RU\NLR\BIBL_A\022522183</controlfield>
  <controlfield tag="005">20260408135904.0</controlfield>
  <datafield tag="035" ind1=" " ind2=" ">
    <subfield code="a">(NLR Aleph) 022522183</subfield>
  </datafield>
  <datafield tag="090" ind1=" " ind2=" ">
    <subfield code="a">13399279</subfield>
    <subfield code="c">13399279</subfield>
  </datafield>
  <datafield tag="100" ind1=" " ind2=" ">
    <subfield code="a">20250414d1905    |||y0rusy50      ca</subfield>
  </datafield>
  <datafield tag="101" ind1="0" ind2=" ">
    <subfield code="a">rus</subfield>
  </datafield>
  <datafield tag="102" ind1=" " ind2=" ">
    <subfield code="a">RU</subfield>
  </datafield>
  <datafield tag="105" ind1=" " ind2=" ">
    <subfield code="a">a   z   000yy</subfield>
  </datafield>
  <datafield tag="181" ind1=" " ind2="0">
    <subfield code="a">i </subfield>
    <subfield code="b">xxxe  </subfield>
  </datafield>
  <datafield tag="182" ind1=" " ind2="0">
    <subfield code="a">n</subfield>
  </datafield>
  <datafield tag="200" ind1="1" ind2=" ">
    <subfield code="a">&#x418;&#x437; &#x436;&#x438;&#x437;&#x43D;&#x438; &#x440;&#x44B;&#x431;</subfield>
    <subfield code="f">[&#x441;&#x43E;&#x447;&#x438;&#x43D;&#x435;&#x43D;&#x438;&#x435;] &#x410;. &#x410;. &#x41A;&#x43B;&#x438;&#x43C;&#x43E;&#x43D;&#x442;&#x43E;&#x432;&#x438;&#x447;&#x430;</subfield>
  </datafield>
  <datafield tag="203" ind1=" " ind2=" ">
    <subfield code="a">&#x422;&#x435;&#x43A;&#x441;&#x442;</subfield>
    <subfield code="b">&#x432;&#x438;&#x437;&#x443;&#x430;&#x43B;&#x44C;&#x43D;&#x44B;&#x439;</subfield>
    <subfield code="c">&#x43D;&#x435;&#x43F;&#x43E;&#x441;&#x440;&#x435;&#x434;&#x441;&#x442;&#x432;&#x435;&#x43D;&#x43D;&#x44B;&#x439;</subfield>
  </datafield>
  <datafield tag="210" ind1=" " ind2=" ">
    <subfield code="a">&#x421;.-&#x41F;&#x435;&#x442;&#x435;&#x440;&#x431;&#x443;&#x440;&#x433; [&#x421;&#x430;&#x43D;&#x43A;&#x442;-&#x41F;&#x435;&#x442;&#x435;&#x440;&#x431;&#x443;&#x440;&#x433;]</subfield>
    <subfield code="c">&#x438;&#x437;&#x434;&#x430;&#x43D;&#x438;&#x435; &#x421;.-&#x41F;&#x435;&#x442;&#x435;&#x440;&#x431;&#x443;&#x440;&#x433;&#x441;&#x43A;&#x430;&#x433;&#x43E; &#x41E;&#x431;&#x449;&#x435;&#x441;&#x442;&#x432;&#x430; &#x413;&#x440;&#x430;&#x43C;&#x43E;&#x442;&#x43D;&#x43E;&#x441;&#x442;&#x438;</subfield>
    <subfield code="d">1905</subfield>
    <subfield code="g">&#x422;&#x438;&#x43F;&#x43E;&#x433;&#x440;&#x430;&#x444;&#x438;&#x44F; &#x418;&#x43C;&#x43F;&#x435;&#x440;&#x430;&#x442;&#x43E;&#x440;&#x441;&#x43A;&#x430;&#x433;&#x43E; &#x427;&#x435;&#x43B;&#x43E;&#x432;&#x435;&#x43A;&#x43E;&#x43B;&#x44E;&#x431;&#x438;&#x432;&#x430;&#x433;&#x43E; &#x41E;-&#x432;&#x430;</subfield>
  </datafield>
  <datafield tag="215" ind1=" " ind2=" ">
    <subfield code="a">91 &#x441;.</subfield>
    <subfield code="c">&#x438;&#x43B;.</subfield>
    <subfield code="d">20</subfield>
  </datafield>
  <datafield tag="300" ind1=" " ind2=" ">
    <subfield code="a">&#x41D;&#x430; &#x43E;&#x431;&#x43B;.: &#x2116; 35</subfield>
  </datafield>
  <datafield tag="316" ind1=" " ind2=" ">
    <subfield code="a">&#x42D;&#x43A;&#x437;. &#x420;&#x41D;&#x411; (18.394.4.69(1)): &#x43F;&#x440;&#x438;&#x43F;&#x43B;&#x435;&#x442;&#x435;&#x43D;&#x430; 1 &#x43A;&#x43D;.</subfield>
    <subfield code="5">NLR: 18.394.4.69(1)</subfield>
  </datafield>
  <datafield tag="317" ind1=" " ind2=" ">
    <subfield code="a">&#x421; &#x44D;&#x43A;&#x441;&#x43B;&#x438;&#x431;&#x440;&#x438;&#x441;&#x430;&#x43C;&#x438;: &#x43D;&#x430; &#x444;&#x43E;&#x440;&#x437;&#x430;&#x446;&#x435; &#x448;&#x442;&#x430;&#x43C;&#x43F;: "8-&#x43E;&#x435; &#x41C;&#x443;&#x436;&#x441;&#x43A;. 4-&#x445; &#x43A;&#x43B;&#x430;&#x441;&#x441;&#x43D;. &#x438;&#x43C;&#x435;&#x43D;&#x438; &#x414;. &#x418;. &#x41C;&#x435;&#x43D;&#x434;&#x435;&#x43B;&#x435;&#x435;&#x432;&#x430; &#x433;&#x43E;&#x440;&#x43E;&#x434;. &#x443;&#x447;&#x438;&#x43B;."; &#x43D;&#x430; &#x442;&#x438;&#x442;. &#x441;. &#x448;&#x442;&#x430;&#x43C;&#x43F;&#x44B;: "&#x41B;&#x435;&#x43D;&#x438;&#x43D;&#x433;&#x440;&#x430;&#x434;&#x441;&#x43A;&#x438;&#x439; &#x413;&#x43E;&#x440;&#x43E;&#x434;&#x441;&#x43A;&#x43E;&#x439; &#x41E;&#x442;&#x434;&#x435;&#x43B; &#x41D;&#x430;&#x440;&#x43E;&#x434;&#x43D;&#x43E;&#x433;&#x43E; &#x41E;&#x431;&#x440;&#x430;&#x437;&#x43E;&#x432;&#x430;&#x43D;&#x438;&#x44F;, &#x41A;&#x440;&#x430;&#x441;&#x43D;&#x43E;&#x433;&#x432;&#x430;&#x440;&#x434;&#x435;&#x439;&#x441;&#x43A;&#x438;&#x439; &#x440;&#x430;&#x439;&#x43E;&#x43D;, &#x421;&#x440;&#x435;&#x434;&#x43D;&#x44F;&#x44F; &#x448;&#x43A;&#x43E;&#x43B;&#x430; &#x2116; 135", "&#x41F;&#x43E;&#x43B;&#x438;&#x442;&#x43F;&#x440;&#x43E;&#x441;&#x432;&#x435;&#x442;&#x446;&#x435;&#x43D;&#x442;&#x440; &#x412;&#x43E;&#x43B;&#x43E;&#x434;&#x430;&#x440;&#x441;&#x43A;&#x43E;&#x433;&#x43E; &#x440;&#x430;&#x439;&#x43E;&#x43D;&#x430;, &#x420;&#x430;&#x439;&#x43E;&#x43D;&#x43D;&#x44B;&#x439; &#x43F;&#x435;&#x440;&#x435;&#x434;&#x432;&#x438;&#x436;&#x43D;&#x43E;&#x439; &#x444;&#x43E;&#x43D;&#x434;"</subfield>
    <subfield code="5">NLR: 18.394.4.69(1)</subfield>
  </datafield>
  <datafield tag="606" ind1="1" ind2=" ">
    <subfield code="a">&#x420;&#x44B;&#x431;&#x44B;</subfield>
    <subfield code="x">&#x42D;&#x43A;&#x43E;&#x43B;&#x43E;&#x433;&#x438;&#x44F;</subfield>
    <subfield code="9">1129520</subfield>
    <subfield code="3">RU\NLR\AUTH\66129104</subfield>
  </datafield>
  <datafield tag="686" ind1="3" ind2=" ">
    <subfield code="a">&#x415;681.921</subfield>
  </datafield>
  <datafield tag="700" ind1=" " ind2="1">
    <subfield code="a">&#x41A;&#x43B;&#x438;&#x43C;&#x43E;&#x43D;&#x442;&#x43E;&#x432;&#x438;&#x447;</subfield>
    <subfield code="b">&#x410;. &#x410;.</subfield>
  </datafield>
  <datafield tag="712" ind1="0" ind2="2">
    <subfield code="4">475</subfield>
    <subfield code="a">&#x41F;&#x435;&#x442;&#x435;&#x440;&#x431;&#x443;&#x440;&#x433;&#x441;&#x43A;&#x43E;&#x435; &#x43E;&#x431;&#x449;&#x435;&#x441;&#x442;&#x432;&#x43E; &#x433;&#x440;&#x430;&#x43C;&#x43E;&#x442;&#x43D;&#x43E;&#x441;&#x442;&#x438;</subfield>
    <subfield code="3">RU\NLR\AUTH\889953006</subfield>
    <subfield code="9">401978</subfield>
  </datafield>
  <datafield tag="712" ind1="0" ind2="2">
    <subfield code="4">390</subfield>
    <subfield code="a">&#x41F;&#x435;&#x442;&#x435;&#x440;&#x431;&#x443;&#x440;&#x433;&#x441;&#x43A;&#x43E;&#x435; &#x433;&#x43E;&#x440;&#x43E;&#x434;&#x441;&#x43A;&#x43E;&#x435; 4-&#x445; &#x43A;&#x43B;&#x430;&#x441;&#x441;&#x43D;&#x43E;&#x435; &#x43C;&#x443;&#x436;&#x441;&#x43A;&#x43E;&#x435; &#x443;&#x447;&#x438;&#x43B;&#x438;&#x449;&#x435; &#x438;&#x43C;. &#x414;. &#x418;. &#x41C;&#x435;&#x43D;&#x434;&#x435;&#x43B;&#x435;&#x435;&#x432;&#x430;</subfield>
    <subfield code="c">8</subfield>
    <subfield code="3">RU\NLR\AUTH\880626465</subfield>
    <subfield code="9">2658833</subfield>
  </datafield>
  <datafield tag="712" ind1="0" ind2="2">
    <subfield code="4">390</subfield>
    <subfield code="a">&#x421;&#x440;&#x435;&#x434;&#x43D;&#x44F;&#x44F; &#x448;&#x43A;&#x43E;&#x43B;&#x430;</subfield>
    <subfield code="c">135; &#x41B;&#x435;&#x43D;&#x438;&#x43D;&#x433;&#x440;&#x430;&#x434;</subfield>
    <subfield code="3">RU\NLR\AUTH\880626466</subfield>
    <subfield code="9">2658834</subfield>
  </datafield>
  <datafield tag="712" ind1="0" ind2="2">
    <subfield code="4">390</subfield>
    <subfield code="a">&#x41B;&#x435;&#x43D;&#x438;&#x43D;&#x433;&#x440;&#x430;&#x434;&#x441;&#x43A;&#x438;&#x439; &#x433;&#x43E;&#x440;&#x43E;&#x434;&#x441;&#x43A;&#x43E;&#x439; &#x43F;&#x43E;&#x43B;&#x438;&#x442;&#x438;&#x43A;&#x43E;-&#x43F;&#x440;&#x43E;&#x441;&#x432;&#x435;&#x442;&#x438;&#x442;&#x435;&#x43B;&#x44C;&#x43D;&#x44B;&#x439; &#x446;&#x435;&#x43D;&#x442;&#x440;</subfield>
    <subfield code="b">&#x412;&#x43E;&#x43B;&#x43E;&#x434;&#x430;&#x440;&#x441;&#x43A;&#x438;&#x439; &#x440;&#x430;&#x439;&#x43E;&#x43D;&#x43D;&#x44B;&#x439; &#x43F;&#x435;&#x440;&#x435;&#x434;&#x432;&#x438;&#x436;&#x43D;&#x43E;&#x439; &#x444;&#x43E;&#x43D;&#x434;</subfield>
    <subfield code="3">RU\NLR\AUTH\880626470</subfield>
    <subfield code="9">2658838</subfield>
  </datafield>
  <datafield tag="852" ind1=" " ind2=" ">
    <subfield code="a">NLR</subfield>
    <subfield code="j">34.53.5.317</subfield>
  </datafield>
  <datafield tag="852" ind1=" " ind2=" ">
    <subfield code="a">NLR</subfield>
    <subfield code="j">18.394.4.69(1)</subfield>
  </datafield>
  <datafield tag="942" ind1=" " ind2=" ">
    <subfield code="c">BOOK</subfield>
  </datafield>
  <datafield tag="980" ind1=" " ind2=" ">
    <subfield code="a">NB</subfield>
  </datafield>
  <datafield tag="995" ind1=" " ind2=" ">
    <subfield code="5">2025-05-05</subfield>
    <subfield code="b">NLR02</subfield>
    <subfield code="c">NLR02</subfield>
    <subfield code="e">RFS</subfield>
    <subfield code="f">22522183-10</subfield>
    <subfield code="k">34.53.5.317</subfield>
    <subfield code="o">0</subfield>
    <subfield code="r">BOOK</subfield>
    <subfield code="s">34535317_</subfield>
  </datafield>
  <datafield tag="995" ind1=" " ind2=" ">
    <subfield code="5">2025-05-05</subfield>
    <subfield code="a">ab</subfield>
    <subfield code="b">NLR01</subfield>
    <subfield code="c">NLR01</subfield>
    <subfield code="e">RF</subfield>
    <subfield code="f">1-4921858</subfield>
    <subfield code="k">18.394.4.69/1</subfield>
    <subfield code="o">0</subfield>
    <subfield code="p">200.00</subfield>
    <subfield code="r">BOOK</subfield>
    <subfield code="s">183944691_</subfield>
  </datafield>
</record>
